| 000 | 00496nam a22001937a 4500 | ||
|---|---|---|---|
| 999 |
_c7583 _d7583 |
||
| 003 | OSt | ||
| 005 | 20220111105709.0 | ||
| 008 | 220111b ||||| |||| 00| 0 eng d | ||
| 020 | _a0415418054 | ||
| 040 | _cDDC | ||
| 082 | _a307.76 GRE 2007 | ||
| 100 |
_aGreen, Constance Mclauglin _915509 |
||
| 245 | _aThe Rise of Urban America | ||
| 260 |
_aNew York: _bRoutledge; _c2007, |
||
| 300 |
_a184p.; _c23cm |
||
| 504 | _aIncludes Index. | ||
| 650 |
_aUrban Communities. _915510 |
||
| 942 |
_2ddc _cBOOK |
||